Factores de la cultura de la calidad que afectan la gestión de la calidad en una empresa alimentaria
Gorde:
| Egile nagusia: | |
|---|---|
| Beste egile batzuk: | , |
| Formatua: | Liburua |
| Argitaratua: |
San José, C.R
2001
|
| Gaiak: | |
| Etiketak: |
Etiketa erantsi
Etiketarik gabe, Izan zaitez lehena erregistro honi etiketa jartzen!
|
MARC
| LEADER | 00000nam a2200000Ia 4500 | ||
|---|---|---|---|
| 003 | 008797 | ||
| 005 | 20221231144200.0 | ||
| 008 | 140114s2001 cr a m 000 ||s d | ||
| 040 | |c cru CEDI | ||
| 090 | |a TFG 4357 | ||
| 100 | |a Vargas Corrales, Catalina |9 7695 | ||
| 245 | |a Factores de la cultura de la calidad que afectan la gestión de la calidad en una empresa alimentaria | ||
| 260 | |c 2001 |a San José, C.R | ||
| 300 | |a 2 volúmenes : ilustraciones a color | ||
| 500 | |a Proyecto de graduación (licenciatura en ingeniería industrial)--Universidad de Costa Rica. Facultad de Ingeniería. Escuela de Ingeniería Industrial | ||
| 650 | |x DERIVADOS DE MAIZ ALIMENTICIO S.A. (COSTA RICA) |x CALIDAD TOTAL |x CULTURA CORPORATIVA |9 7698 | ||
| 700 | |9 7696 |a Vindas García, Yury | ||
| 700 | |9 7697 |a Villalobos Valerio, Tattiana | ||
| 942 | |c TFG | ||
| 999 | |c 18081 |d 18081 | ||
